Our Solar System (Planets and Dwarfs) - Statistics

General Stats
  • This quiz has been taken 51 times
    32 since last reset
  • The average score is 13 of 14
Answer Stats
Hint Answer % Correct
Where us humans live Earth
100%
The biggest planet in our Solar System Jupiter
100%
The Red Planet located near the Asteroid Belt Mars
100%
The most distant planet from the Sun Neptune
100%
This planet was taken out from our Solar System and is a dwarf planet Pluto
100%
The biggest planet with rings Saturn
100%
The only star in our Solar System Sun
100%
The closest planet to the Sun Mercury
96%
The planet with a weird name that smells like fart Uranus
96%
Hottest planet in our Solar System Venus
92%
This dwarf planet is between Mars and Jupiter and is located in the Asteroid Belt Ceres
77%
The most distant dwarf planet Eris
73%
This planet has a weird shape and it looks like a stretched out egg. Haumea
65%
A dwarf planet with a moon that is 100 miles in diameter Makemake
65%
No matching quizzes found
Score Distribution
Percent of People with Each Score
Percentile by Number Answered
Your Score History
You have not taken this quiz since the last reset